100 Largest Islands of Norway - Statistics

General Stats
  • This quiz has been taken 41 times
  • The average score is 13 of 100
Answers on the Map
Answers color-coded by a green-red scale on the quiz's map according to % correct below.
 
Answer Stats
Øy % Correct
Senja
73%
Hitra
59%
Hinnøya
55%
Andøya
41%
Karmøy
41%
Osterøy
41%
Smøla
41%
Askøy
36%
Frøya
36%
Nøtterøy
36%
Sørøya
36%
Vestvågøya
36%
Sotra
32%
Stord
32%
Kvaløya
27%
Langøya
27%
Averøya
23%
Bømlo
23%
Magerøya
23%
Seiland
23%
Sula
23%
Austvågøya
18%
Dønna
18%
Gurskøya
18%
Otterøya
18%
Ringvassøya
18%
Tromøya
18%
Vega
18%
Arnøya
14%
Bremangerlandet
14%
Hareidlandet
14%
Inner-Vikna
14%
Ombo
14%
Skogerøya
14%
Stjernøya
14%
Tysnesøya
14%
Dyrøya
9%
Frei
9%
Hadseløya
9%
Landegode
9%
Leka
9%
Moskenesøya
9%
Otrøya
9%
Radøy
9%
Rebbenesøya
9%
Reinøya
9%
Rennesøy
9%
Tjeldøya
9%
Tustna
9%
Vanna
9%
Varaldsøy
9%
Ytterøy
9%
Ytter-Vikna
9%
Alsta
5%
Andørja
5%
Atløyna
5%
Elvalandet
5%
Flakstadøya
5%
Gossa
5%
Halsnøya
5%
Hjelmsøya
5%
Holsnøy
5%
Huftarøy
5%
Jøa
5%
Kågen
5%
Laukøya
5%
Mellom-Vikna
5%
Nord-Kvaløya
5%
Reksteren
5%
Rolvsøya
5%
Silda
5%
Stabblandet
5%
Straumøya
5%
Tomma
5%
Uløya
5%
Vågsøy
5%
Vestre Bokn
5%
Ytre Sula
5%
Austra
0%
Engeløya
0%
Ertvågsøya
0%
Finnøya
0%
Fosnøyna
0%
Gimsøya
0%
Grytøya
0%
Handnesøya
0%
Helgøya
0%
Kirkøy
0%
Kvingla
0%
Rolla
0%
Sandhornøya
0%
Sandøyna
0%
Skardsøya
0%
Skogsøya
0%
Stormolla
0%
Uksenøya
0%
No matching quizzes found
Score Distribution
Percent of People with Each Score
Percentile by Number Answered
Your Score History
You have not taken this quiz